000 00364 a2200169 4500
001 189234
020 _a85-00-00104-6
040 _cMagnum
100 _aClaire, Sylvia
240 1 0 _aA voz do coração
_lpor
245 1 0 _aA voz do coração
300 _a299
362 0 _a1999
440 1 _aEdiouro
697 _aLITERATURA GERAL ESTRANGEIRA
942 _cBK
999 _c189234
_d189234